000
00326nam a2200133Ia 4500
005
20260328101445.0
008
260328s9999||||xx |||||||||||||| ||und||
100
_a
Picó, Josep
245
0
_a
Modernidad y PostModernidad /
_c
Josep Picó
260
_b
Alianza
300
_a
385 p.
650
_a
ARQUITECTURA MODERNA
942
_c
BK
999
_c
8421
_d
8421